000 00567pab a2200181 454500
008 180718b2017 xxu||||| |||| 00| 0 eng d
100 _aMohanty, Biswajit
245 _aWhat explains regional imbalances in public infrastructure expenditure?: evidence from Indian states
260 _c2017
300 _ap.113-136.
362 _aDec
650 _aInfrastructure development - India
650 _aInfrastructure development
700 _aDastidar, Ananya Ghosh
700 _aBhanumurthy, N.R.
773 _aAsia-Pacific Development Journal
909 _a117213
999 _c117207
_d117207